| 000 | 00826nam a2200289Ia 4500 | ||
|---|---|---|---|
| 001 | Z_990 | ||
| 003 | CHAP | ||
| 008 | 220113s1989 xx 000 0 und d | ||
| 010 | _a164066 | ||
| 040 | _cCHAP | ||
| 090 | _aFolleto 230 | ||
| 100 |
_aLam Romero, Francisco _964524 |
||
| 245 |
_aConsideraciones acerca de la hembra bovina en desarrollo / _cpor Francisco Lam Romero |
||
| 260 |
_aLa Habana : _bInstituto Superior de Ciencias Agropecuarias de la Habana, _c1989 |
||
| 300 | _a20 p. | ||
| 440 | _a | ||
| 500 | _a | ||
| 503 | _a | ||
| 650 |
_aGanado vacuno _xCrecimiento _945450 |
||
| 650 |
_aGanado vacuno _xFertilidad I. Instituto Superior de Ciencias Agropecuarias de la Habana II. t. _9138124 |
||
| 901 | _aFolleto 230 | ||
| 902 | _aA | ||
| 910 | _a1989 | ||
| 942 | _cc14 | ||
| 942 | _cc14 | ||
| 999 |
_c164066 _d164066 |
||